000 00579nam a22001577a 4500
005 20111209170059.0
020 _a9781593394264
_c3600.00 (set of 12 volume)
037 _bPUB
245 _aAnimals /
_cillustrated by Repro India
260 _aNew Delhi
_bEncyclopaedia Britannica
_c2008
300 _av.5 (56 p.)
_c25cm (Hb)
_bill.
490 _a Britannica discovery library; 5
_939853
710 _aRepro India
_939854
942 _2ddc
_cCH
_mWOR
999 _c61287
_d61287